[Event "Wch Seniors 65 29th"]
[Site "Bucharest"]
[Date "2019.11.20"]
[Round "8"]
[White "Markzon, Gregory"]
[Black "Stanciulescu, Serban"]
[Result "1-0"]
[WhiteElo "2038"]
[BlackElo "1925"]
[PlyCount "133"]
[EventDate "2019.11.12"]
[EventType "swiss"]
[EventRounds "11"]
[EventCountry "ROU"]
[SourceTitle "CBM 193 Extra"]
[Source "ChessBase"]
[SourceDate "2020.01.31"]
[SourceVersion "1"]
[SourceVersionDate "2020.01.31"]
[SourceQuality "1"]

1. d4 Nf6 2. c4 d6 3. Nc3 Nbd7 4. e4 e5 5. Nf3 Be7 6. Be2 0-0 7. 0-0 Re8 8. Re1 exd4 9. Nxd4 Nc5 10. f3 a5 11. Be3 c6 12. Qc2 Bf8 13. Rad1 Qe7 14. Bf1 g6 15. Qf2 Bg7 16. Bg5 Qc7 17. Nc2 Ne6 18. Be3 Nd7 19. Rd2 a4 20. Nd4 a3 21. b3 Qa5 22. Rc1 Nec5 23. h3 Qc7 24. Nde2 b6 25. Ng3 h5 26. Nge2 Ne5 27. Ng3 h4 28. Nh1 Qe7 29. Qe1 Ned7 30. Nf2 f5 31. Re2 Qf7 32. exf5 gxf5 33. Qd2 Qg6 34. f4 Re6 35. Bd4 Rxe2 36. Bxe2 Ne6 37. Bxg7 Nxg7 38. Bf3 Bb7 39. Rd1 Ne8 40. Re1 Qf6 41. Re3 Rd8 42. b4 Nb8 43. b5 Nc7 44. bxc6 Bxc6 45. Nd5 Bxd5 46. Bxd5+ Kf8 47. Rxa3 Qa1+ 48. Kh2 Re8 49. Ra7 Qg7 50. Ra3 Nba6 51. Bb7 Qf6 52. Bxa6 Ra8 53. Rd3 Rxa6 54. Rxd6 Qg7 55. Rd8+ Ne8 56. Qd6+ Qe7 57. Qh6+ Kf7 58. Qh5+ Kf8 59. Qxf5+ Qf7 60. Qxf7+ Kxf7 61. Rd2 Ra4 62. Nd3 Kg6 63. Kg1 Kf5 64. c5 bxc5 65. Nxc5 Rc4 66. Nd3 Rd4 67. Kf2 1-0

[Event "Wch Seniors 20th"]
[Site "Arco"]
[Date "2010.11.05"]
[Round "10"]
[White "Bisignano, Giuseppe"]
[Black "Stanciulescu, Serban"]
[Result "1-0"]
[WhiteElo "1897"]
[BlackElo "1998"]
[PlyCount "67"]
[EventDate "2010.10.26"]
[EventType "swiss"]
[EventRounds "11"]
[EventCountry "ITA"]
[SourceTitle "EXT 2011"]
[Source "ChessBase"]
[SourceDate "2010.11.26"]
[SourceVersion "1"]
[SourceVersionDate "2010.11.26"]
[SourceQuality "1"]

1. e4 c5 2. Nf3 a6 3. d4 cxd4 4. Nxd4 Nf6 5. Nc3 e5 6. Nb3 Bb4 7. Bg5 Qc7 8. Bxf6 Bxc3+ 9. bxc3 Qxc3+ 10. Nd2 gxf6 11. Bc4 Nc6 12. 0-0 h5 13. Rb1 d6 14. Bd5 Nb4 15. Nc4 Nxd5 16. Nxd6+ Kf8 17. Qxd5 Be6 18. Qxb7 Rd8 19. Rbd1 Rd7 20. Qxa6 Rg8 21. Nf5 Bxf5 22. exf5 Rxd1 23. Rxd1 Qxc2 24. Re1 Qxf5 25. a4 Rg4 26. a5 Ra4 27. h3 Ra2 28. Qb6 Qe6 29. Qb4+ Kg7 30. Re3 Qe8 31. Rg3+ Kh6 32. Qd6 Qh8 33. Qe7 Rxa5 34. Qxf7 1-0

[Event "Felix Cup 22nd"]
[Site "Felix Spa"]
[Date "2007.05.31"]
[Round "9"]
[White "Stanciulescu, Serban"]
[Black "Bonte, Andrei Mihai"]
[Result "0-1"]
[WhiteElo "2039"]
[BlackElo "2305"]
[PlyCount "118"]
[EventDate "2007.05.25"]
[EventType "swiss"]
[EventRounds "9"]
[EventCountry "ROU"]
[SourceTitle "CBM 118 Extra"]
[Source "ChessBase"]
[SourceDate "2007.07.04"]
[SourceVersion "1"]
[SourceVersionDate "2007.07.04"]
[SourceQuality "1"]

1. e4 c5 2. Nf3 Nc6 3. Nc3 Nf6 4. e5 Ng4 5. Qe2 Qc7 6. Nb5 Qb8 7. d4 cxd4 8. Bf4 g5 9. Bg3 Bg7 10. e6 Nge5 11. exf7+ Kf8 12. Nbxd4 d6 13. c3 Nxd4 14. Nxd4 h5 15. h4 g4 16. Qe4 Nxf7 17. Ne6+ Bxe6 18. Qxe6 Qc8 19. Bc4 Qxe6+ 20. Bxe6 Rh6 21. Bd5 e6 22. Bb3 Be5 23. Bxe5 Nxe5 24. 0-0-0 Ke7 25. Rd2 Rf8 26. Rhd1 d5 27. Re2 Kd6 28. c4 Rc8 29. Rc2 Rf6 30. cxd5 Rxc2+ 31. Bxc2 Rxf2 32. dxe6+ Kxe6 33. Be4 b5 34. Rd2 g3 35. Kd1 Nc4 36. Re2 Nxb2+ 37. Ke1 Rxe2+ 38. Kxe2 Na4 39. Kd2 Kf6 40. Bf3 Kg6 41. Be4+ Kf6 42. Bf3 b4 43. Bxh5 Nc3 44. Kc2 Nxa2 45. Kb3 Nc1+ 46. Kxb4 Nd3+ 47. Ka5 Ne1 48. Be8 Nxg2 49. h5 Ne1 50. Bc6 Kg5 51. h6 Kxh6 52. Ka6 Kg5 53. Kxa7 Kg4 54. Bh1 Kh3 55. Be4 Kh2 56. Kb6 Kg1 57. Bf5 Kf2 58. Bh3 Nf3 59. Kc5 Ng5 0-1

[Event "Bucharest Spring Cup"]
[Site "Bucharest"]
[Date "2007.02.16"]
[Round "2"]
[White "Stanciulescu, Serban"]
[Black "Carmaciu, Lucian Catalin"]
[Result "0-1"]
[WhiteElo "2039"]
[BlackElo "2418"]
[PlyCount "68"]
[EventDate "2007.02.16"]
[EventType "swiss"]
[EventRounds "9"]
[EventCountry "ROU"]
[SourceTitle "EXT 2010"]
[Source "ChessBase"]
[SourceDate "2010.11.25"]
[SourceVersion "1"]
[SourceVersionDate "2010.11.25"]
[SourceQuality "1"]

1. e4 c5 2. c3 d5 3. exd5 Qxd5 4. d4 Nf6 5. Nf3 e6 6. Na3 Nc6 7. Nb5 Qd8 8. Bf4 Nd5 9. Bg3 a6 10. Na3 cxd4 11. Nxd4 Nxc3 12. bxc3 Bxa3 13. Nxc6 Qxd1+ 14. Rxd1 bxc6 15. Bd6 Bxd6 16. Rxd6 Bd7 17. Bc4 Ke7 18. Rd2 Rhb8 19. Ke2 c5 20. Rhd1 Ra7 21. Bxa6 Ba4 22. Bc4 Bxd1+ 23. Kxd1 Rd8 24. Rxd8 Kxd8 25. Kc2 e5 26. g4 Ke7 27. Kd3 Rd7+ 28. Kc2 Rd6 29. a4 Rf6 30. a5 Kd6 31. Kd3 Rxf2 32. a6 Kc6 33. Ke3 Rf4 34. Bd3 Kb6 0-1